000
00238nam a2200097Ia 4500
008
230508s2000 xx 000 0 und d
041
_a
eng
100
_a
SIDNEY H.AVNER
245
_a
INTRODUCTION TO PHYSIAL META.
260
_b
TATA MCG
_c
2000
999
_c
342772
_d
342772